01641nam a2200433 a 4500999001700000001001000017005001700027007000300044008004100047020006100088020003500149035002000184040002400204041001300228072006200241080002000303080001700323080002100340080002800361080001700389080002200406100004000428245010300468246001700571250001200588260002800600300002000628500005000648610002800698650006600726650003900792650006700831651005300898655003500951655004100986700004401027765001901071952011701090 c23286d2328600063798520220808082342.0ta021125s2002 xr g f cze d a8024206102q(Euromedia Group - Knižní klub ; váz.) a8072144693q(Baronet ; váz.) a(OCoLC)85032575 aBOA001bczecBOA0011 aczeheng 7a821.111-3xAnglická próza, anglicky psaná2Konspekt a821.111-312MRF a355.3182MRF a355.48(477)2MRF a94(100)"1939/1945"2MRF a94(477)2MRF a(0:82-311.6)2MRF1 aKessler, Leo,d1926-20074aut9325410aCharkov: Pochod smrti :bz historie pluku SS Wotan /cLeo Kessler ; [přeložil Bohumil Neumann]33aPochod smrti aVyd. 1. aPraha :bBaronet,c2002 a246 s. ;c21 cm aVydáno ve spolupráci s Knižním klubem27aWaffen-SS2czenas9325507aspeciální jednotky (vojenství)zNěmecko2czenas9325607aCharkov, bitva, 19422czenas9325707adruhá světová válka, 1939-1945zUkrajina2czenas93258 7aCharkov (Ukrajina)xdějinyy19422czenas93259 7aanglické romány2czenas98 7aválečné romány2czenas932601 aNeumann, Bohumil,d1930-20104trl932610 tMarch of death 00102udc40708Ka10000b10000d2022-07-07i21619l1oB10486pB10486r2024-06-24s2024-06-07w2022-08-08yKLDO